000
00298nam a22001337a 4500
008
170614b xxu||||| |||| 00| 0 eng d
020
_a
9781566430722
041
_a
eng
080
_a
32
100
_a
19
101
_a
SHP
245
_a
THE POLITICS OF GUN CONTROL
_c
SPITZER, R.J
942
_2
udc
_c
BK
999
_c
17345
_d
17345